<?xml version="1.0" encoding="UTF-8"?><OAI-PMH xmlns="http://www.openarchives.org/OAI/2.0/" xmlns:xsi="http://www.w3.org/2001/XMLSchema-instance"     xsi:schemaLocation="http://www.openarchives.org/OAI/2.0/ http://www.openarchives.org/OAI/2.0/OAI-PMH.xsd"><responseDate>2026-05-17T03:39:09Z</responseDate><request verb="GetRecord" identifier="oai:regmurcia.com:fintegr.1550" metadataPrefix="marc21">http://oai.regmurcia.com/oai2/oai2.php</request><GetRecord><record><header><identifier>oai:regmurcia.com:fintegr.1550</identifier><datestamp>2026-05-17</datestamp><setSpec>documentos</setSpec></header><metadata><record  xmlns="http://www.loc.gov/MARC21/slim" xmlns:xsi="http://www.w3.org/2001/XMLSchema-instance" xsi:schemaLocation="http://www.loc.gov/MARC21/slim http://www.loc.gov/standards/marcxml/schema/MARC21slim.xsd" type="Bibliographic"><leader>00000nam a2200000   4500</leader><controlfield tag="001" >005076376</controlfield><controlfield tag="003" >1550</controlfield><controlfield tag="004" >A00000000</controlfield><datafield tag="245" ind1=" " ind2=" "><subfield code="a">Carta del concejo de Chinchilla al concejo de Murcia, quejándose por el trato abusivo a Juan Jiménez, por el impuesto sobre el pescado que va para su ciudad y la restitución de unos bienes a Simón Catamón.</subfield></datafield><datafield tag="300" ind1=" " ind2=" "><subfield code="c">200 x 300 mm.</subfield></datafield><datafield tag="351" ind1=" " ind2=" "><subfield code="a">Unidad Documental</subfield><subfield code="c">Archivo de Murcia. Array</subfield><subfield code="a">Unidad Documental</subfield><subfield code="c">Archivo de Murcia. Array</subfield></datafield><datafield tag="351" ind1=" " ind2=" "><subfield code="b">Nº 4</subfield></datafield><datafield tag="506" ind1=" " ind2=" "><subfield code="a">Acceso restringido</subfield></datafield><datafield tag="520" ind1=" " ind2=" "><subfield code="a">El concejo de Chinchilla se queja ante el concejo de Murcia:&lt;/br&gt;- Del trato que recibió Juan Jiménez,vecino suyo,  a quien vecinos de murcia le tomaron un atún y se lo repartieron sin  pagarselo; además los guardas le tomaron nueve reales. Solicitan justicia para estos hechos.&lt;/br&gt;- El impuesto de 10 maravedíes por carga de pescado que sale para Chinchilla y que va contra sus privilegios. &lt;/br&gt; Contesta sobre la restitución de los bienes de Simón Catamón, vino y arpilleras, diciendo que ya se ha ordenado el pago, una vez aclarado el precio del vino que en un principio se había sobrevalorado.</subfield></datafield><datafield tag="583" ind1=" " ind2=" "><subfield code="u">http://www.regmurcia.com/servlet/s.Sl?METHOD=VERDOCUMENTO&amp;sit=serv,Carmesi&amp;n=/01/1355/indice.djvu</subfield></datafield><datafield tag="592" ind1=" " ind2=" "><subfield code="a">1475-04-16</subfield></datafield><datafield tag="592" ind1=" " ind2=" "><subfield code="d">1475-04-16 00:00:00</subfield></datafield><datafield tag="651" ind1=" " ind2=" "><subfield code="a">Chinchilla</subfield></datafield><datafield tag="786" ind1=" " ind2=" "><subfield code="o">http://www.regmurcia.com/servlet/s.Sl?METHOD=VERDOCUMENTO&amp;sit=serv,Carmesi&amp;n=/01/1355/indice.djvu</subfield></datafield><datafield tag="856" ind1=" " ind2=" "><subfield code="u">http://www.regmurcia.com/servlet/s.Sl?METHOD=DETALLE&amp;sit=c,373,m,139,serv,Carmesi&amp;id=1550</subfield></datafield></record></metadata></record></GetRecord></OAI-PMH>
